Most Visited European Countries Quiz Stats

Quiz Updated Aug 11, 2016

Challenge
Share
Tweet
Embed
Score 0/10 Timer 03:00
9 Plays Today
Visitors in Millions Country % Correct
83.7France
99.6%
48.6Italy
98.7%
65.0Spain
98.6%
33.0Germany
98.2%
32.6United Kingdom
96.4%
22.0Greece
90.5%
29.8Russia
87.4%
16.0Poland
80.9%
25.2Austria
80.4%
39.8Turkey
79.1%

You're not logged in!

Compare scores with friends on all Sporcle quizzes.
Join for Free
OR
Log In

You Might Also Like...

Show Comments

Extras

Top Quizzes Today


Score Distribution

Your Account Isn't Verified!

In order to create a playlist on Sporcle, you need to verify the email address you used during registration. Go to your Sporcle Settings to finish the process.

Report this User

Report this user for behavior that violates our Community Guidelines.

Details: